Fast Food Brands - Statistics

General Stats
  • This quiz has been taken 135 times
  • The average score is 13 of 63
Answer Stats
Answer % Correct
Pizza Hut
89%
McDonalds
88%
Subway
83%
Taco Bell
83%
Burger King
81%
Starbucks
81%
Kentucky Fried Chicken
78%
Wendy’s
73%
Dunkin’ Doughnuts
59%
Papa Johns
56%
Chick-Fil-A
52%
Popeyes
50%
Arby’s
38%
Little Caesars
38%
Five Guys
36%
Dominos Pizza
26%
Dairy Queen
23%
Carl’s JR
22%
Hardee’s
22%
Firehouse Subs
18%
Panda Express
17%
Shake Shack
17%
White Castle
17%
WingStop
14%
Culvers
12%
Quiznos
12%
Baskin-Robins
10%
Chili’s
9%
Marco’s Pizza
9%
Tim Hortons
9%
IHOP
8%
Sbarro
7%
Qdoba
6%
Cinnabon
4%
Buffalo Wild Wings
3%
California Pizza Kitchen
3%
Jollibee
3%
Long John Silvers
3%
Bigby
2%
Blaze Pizza
2%
MOD Pizza
2%
Red Robin
2%
Sweet Frog
2%
TCBY
2%
Chipotle Mexican Grill
1%
Pita Pit
1%
Pizza Inn
1%
Wingstreet
1%
Adyar Ananda Bhavan
0%
Auntie Annies
0%
A&W Restaurants
0%
Big Boy
0%
Church’s Texas Chicken
0%
Guzman Y Gomez
0%
Lou Malnatis
0%
Naf Naf Grill
0%
Noodles and Company
0%
Peter Piper Pizza
0%
Pollo Campero
0%
Pollo Tropical
0%
Potbelly
0%
Smoothie King
0%
The Pizza Company
0%
No matching quizzes found
Score Distribution
Percent of People with Each Score
Percentile by Number Answered
Your Score History
You have not taken this quiz